000 01382nam a22003617a 4500
003 CHAP
005 20220329141056.0
008 971013s1994 r 00010 d
010 _a62238
011 _a63210
035 _a67386
040 _cCHAP
090 _aFolleto 14862
100 0 0 _aCarrillo Ramírez, Humberto.
_919530
245 _aInvestigación y algunas estrategias de manejo sobre el amarillamiento letal del cocotero en la Península de Yucatán
260 _aMérida, Yuc. :
_bINIFAP. Centro de Investigación Regional del Sureste,
_c1994
300 _a26 p.
_b: ilus.
490 _aINIFAP. Centro de Investigación Regional del Sureste. Folleto técnico
590 _aBATCH-UPD
_b10
_c20130110
_lUCH01
_h0418
590 _aBATCH-UPD
_b10
_c20130110
_lUCH01
_h2126
590 _aBATCH-UPD
_b10
_c20130410
_lUCH01
_h0052
590 _aBATCH-UPD
_b10
_c20130914
_lUCH01
_h0901
590 _aCONVERSION
_b10
_c20130109
_lUCH01
_h1333
650 1 4 _aAmarillamiento letal del coco.
_95153
650 1 4 _aCoco
_xEnfermedades.
_924241
650 1 4 _aCoco
_xYucatán.
_924275
700 0 _aPiña Razo, Jaime.
_988457
830 0 _aINIFAP. Centro de Investigación Regional del Sureste. Folleto técnico
_958709
901 _aBK
942 _cFOLL
949 _aFolleto 14862
_bBC
_cFOLL
_d-152550
_eTS1
_i67386
_si
949 _aFolleto 14862
_bBC
_cFOLL
_d-152551
_eTS2
_fc.2
_i67386
_si
999 _c62238
_d62238